| 000 | 00778nam a2200205Ia 4500 | ||
|---|---|---|---|
| 001 | 3323 | ||
| 003 | GE_BSU | ||
| 008 | 181216s||||||||xx |||||||||||||| ||und|| | ||
| 040 | _cGE_BSU | ||
| 080 | _a622.323/4 | ||
| 100 | _aСкрыпин,С.З. Френкель,Я.И. | ||
| 245 | _aОтопительные и вентиляционные установки в нефтяной и газовой промышленности. | ||
| 245 | _cВедущий ред. Л.Н.Воронский. | ||
| 260 | _aМ. | ||
| 260 | _bНедра. | ||
| 260 | _c1968. | ||
| 300 | _a184 стр. с илл. 20 см. | ||
| 653 | _aОтопительные и вентиляционные установки в нефтяной и газовой промышленности. | ||
| 942 | _cBK | ||
| 999 |
_c37364 _d37364 |
||